000 00336nam a2200133Ia 4500
008 210210b1972 xxu||||| |||| 00| 0 eng d
082 _a320.4 CLUP
100 _aCLUMP (Cyril C).
245 _aPractical citizenship.
260 _aAllahabad.
_bBetter yourself books
_c1972
300 _a223
690 _aGovernments
906 _aSG01490
999 _c112959
_d112959